Η δασκάλα με τα χρυσά μάτια : μυθιστόρημα

Αποθηκεύτηκε σε:
Λεπτομέρειες βιβλιογραφικής εγγραφής
Κύριος συγγραφέας: Μυριβήλης, Στρατής, 1890-1969
Μορφή: Βιβλίο
Γλώσσα:Greek
Δημοσίευση: Αθήνα : Εστία, 1956
Θέματα:
Ετικέτες: Προσθήκη ετικέτας
Δεν υπάρχουν, Καταχωρήστε ετικέτα πρώτοι!

MARC

LEADER 00000cam a2200000 i 4500
001 1/62000
008 940627s1956 gre d
020 |a 960-05-0196-3 
035 |a 1994  |b 3  |c Αναγνωστοπούλου  |l 10074574 
040 |a GR-MY-UA  |b gre  |e aacr 
041 0 |a gre 
082 0 |a 889.3  |2 (22) 
100 1 |a Μυριβήλης, Στρατής,   |d 1890-1969. 
245 1 2 |a Η δασκάλα με τα χρυσά μάτια :  |b μυθιστόρημα /  |c Στρατή Μυριβήλη 
260 |a Αθήνα :   |b Εστία,   |c 1956 
300 |a 357 σ.;  |b εικ.;  |c 24 εκ. 
500 |a Το Παράρτημα της Ρόδου διαθέτει την 23η και 30η έκδοση [ανατύπωση], 1990, 2005. - Το Παράρτημα της Σάμου διαθέτει την 29η έκδοση [ανατύπωση], 2002. - Το Παράρτημα της Χίου διαθέτει την 24η έκδοση [ανατύπωση], 1991. - Το Παράρτημα της Μυτιλήνης διαθέτει την 27η έκδοση [ανατύπωση], 1956 
650 0 0 |a Greek literature. 
650 0 0 |a Greek fiction. 
650 0 0 |a Greek literature, Modern. 
650 0 0 |a Greek fiction, Modern. 
852 |a INST  |b CHIOS  |e 19940627  |h 889.3 ΜΥΡ  |p 005200006959  |q 005200006959  |t BK  |y 0 
852 |a INST  |b LESVOS  |e 20000301  |h 889.33 ΜΥΡ  |p 005100023749  |q 005100023749  |t BK  |y 0 
852 |a INST  |b RHODES  |e 19960902  |h 889.3 ΜΥΡ  |p 005400007728  |q 005400007728  |t BK  |y 0 
852 |a INST  |b RHODES  |e 20061110  |h 889.3 ΜΥΡ  |p 005400023949  |q 005400023949  |t BK  |y 0 
852 |a INST  |b SAMOS  |e 20040930  |h 889.3 ΜΥΡ  |p 005300023098  |q 005300023098  |t BK  |y 0 
901 |a BIBL3-2004-3 
909 |a Σ  |b 107551 
909 |a Ρ  |b 037085  |c 1994 
909 |a Ρ  |b 127141 
909 |a Χ  |b 022623 
909 |a Λ  |b 073508 
920 |a ΚΕΝΤΡΙΚΗ ΔΡΑΣΗ ΦΥΛΟΥ  |b ΕΠΕΑΕΚ ΙΙ-ΤΕΠΑΕΣ  |y ΡΟΔΟΣ  |z 2006-10 
922 |a 1ΕΛΗ  |b 199912  |c ΚΠΣ/ΤΚΑ  |d EMVASIS 
950 |a 117-1999-12-16 
970 |a ΠΟΥΡΝΑΡΑΣ  |b ΔΗΜΗΤΡΗΣ  |z 2004/09/30